Регионална библиотека "Любен Каравелов" - Русе

Ядрена физика (Запис номер 59330)

MARC детайли
000 -Лидер
Контролно поле с фиксирана дължина nam a22 a 4500
003 - Код на организацията, давaща контролен номер
Контролно поле BLK
005 - Дата и час на последна редакция
Контролно поле 20220926165709.0
008 - Елементи от данни с фиксирана дължина
fixed length control field 180408b bul|||||r ||||||| ||bul||
010 ## - Наследен системен номер
LC control number KNG00063421000
040 ## - Източник на каталожния запис
Идентификатор на билиотеката - собственик на записа BLK
041 ## - Код за език
Код за езика на текст/звукозапис или на отделно заглавие Български
Код за езика КДБФ Български
080 ## - УДК
Текстов определител УДК Ядрена, атомна, молекулярна физика. Вж и 621.039.5; 621.384.6
УДК код - определител по УДК 539.1
УДК определител (075.8)
УДК - код + определител 539.1(075.8)
100 1# - Редна дума - Автор
Автор Стригачев, Атанас Тошев
Авторска отговорност първи автор
R(LIN) 256796
139 ## - Редно поле
Редна дума Стригачев, Атанас Тошев
Авторски знак Стри - С 86
245 10 - Сведения за заглавието
Заглавие Ядрена физика
Подзаглавни данни Учебник за студентите от СУ Климент Охридски
Редно поле (дума) Атанас Т. Стригачев.
257 ## - Страна на издаване
Страна на създаване/издаване България
260 ## - Област на издателските данни
Място на издаване, разпространение и проч. софия
Име на издателя, разпространителя и проч. Наука и изкуство
Година на издаване 1975
300 ## - Физическа характеристика
Страници 256 с.
Илюстрации и др. с черт., табл., 1 отд. л. табл.
Размери/Мащаб 22 см
380 ## - Жанр
Жанр Естествени науки. Математика
500 ## - Общи забележки
Забележка Библиогр. с. 251-252
504 ## - Забележка за наличие на библиография и др
Забележка за наличие на библиография и под. 251-252
650 #4 - Допълнително описание по предмет – тема
Основно описание – тема или топоним Ядрена физика
9 (RLIN) 256953
852 ## - Местоположение
Форматна сигнатура Цб 76162
Фондова буква Хранилище
856 4# - Електронен адрес и достъп
Електронен формат pdf - файл
856 4# - Електронен адрес и достъп
Електронен формат pdf - файл
999 ## - СИСТЕМНИ КОНТРОЛНИ НОМЕРА
Koha biblionumber 59330
Koha biblioitemnumber 59330
942 ## - АРТИКУЛИ
Вид на библиотечния материал Книги
Скрит в OPAC Не
Периодичен библиозапис Да
944 ## - СЪЗДАВАНЕ И РЕДАКЦИЯ на ЗАПИСА
Създаване/Редакция Създаване
Дата на регистрацията/редакция 13.06.2004
Служител, извършил регистрацията/редакцията Геновева_Генчева
944 ## - СЪЗДАВАНЕ И РЕДАКЦИЯ на ЗАПИСА
Създаване/Редакция Редакция
Дата на регистрацията/редакция 2022-09-26
Служител, извършил регистрацията/редакцията ир
999 ## - СИСТЕМНИ КОНТРОЛНИ НОМЕРА
Koha biblioitemnumber 59330
Наличности
Код за отписване Код за изгубен артикул Източник на класификационната схема Код за повреда Коз за рестрикции Код за отдаване Артикулен № Име на библиотеката - собственик Име на библиотеката, в която се намира в момента Статус (Текущо местоположение) Дата на вписване в системата Местоположение - отдел Цена в лева Инвентарен номер Систематично азбучна сигнатура Баркод Номер на екземпляра Цена в евро Служебна бележка Служебен тип на артикула
  Не е изгубен Universal Decimal Classification Не е повреден без рестрикции ползва се в читалня 96817 Регионална библиотека "Любен Каравелов" Русе Регионална библиотека "Любен Каравелов" Русе Читалня 1993-01-01 Читалня 1.25 185520 Ч 539/С 86 120000185520 1 0.64 Дата инв: 16.03.2017 Бележки инв: Ч2017 Книги
Изтеглен Не е изгубен Universal Decimal Classification Не е повреден без рестрикции заемане за дома 96818 Регионална библиотека "Любен Каравелов" Русе Регионална библиотека "Любен Каравелов" Русе Заемна - подръчен фонд 1975-01-01 Заемна - подръчен фонд 0.00 185518 П 539.1/С 86 185518 2 0.00 Дост: Pk Вид: Ф N: стар фонд Дата: 01.01.1975 Книги
  Не е изгубен Universal Decimal Classification Не е повреден само за читалня ползва се в читалня 96819 Регионална библиотека "Любен Каравелов" Русе Регионална библиотека "Любен Каравелов" Русе Хранилище 1975-01-01 Хранилище 1.25 185364 Цб 76162 120000185364 3 0.64 Дост: Dp Вид: Д N: стар фонд Дата: 01.01.1975 Книги
Vip Innovations Ltd, Rousse, Bulgaria 2025